Đặc điểm hình thái đá tai của họ phụ cá Sặc (Trichogasterinae) và mối tương quan giữa đá tai với tăng trưởng của cá Sặc Rằn (Trichogaster pectarolis) ở Cà Mau : Luận văn tốt nghiệp Cao học ngành Nuôi trồng Thuỷ sản
Quan sát được đặc điểm hình thái đá tai của ba loài thuộc họ phụ cá sặc được quan sát một cách chi tiết
Сохранить в:
| Главный автор: | |
|---|---|
| Формат: | |
| Язык: | Undetermined |
| Опубликовано: |
Cần Thơ
Trường Đại học Cần Thơ
2011
|
| Предметы: | |
| Метки: |
Добавить метку
Нет меток, Требуется 1-ая метка записи!
|
| Thư viện lưu trữ: | Trung tâm Học liệu Trường Đại học Cần Thơ |
|---|
| LEADER | 01175nam a2200217Ia 4500 | ||
|---|---|---|---|
| 001 | CTU_170876 | ||
| 008 | 210402s9999 xx 000 0 und d | ||
| 082 | |a 639.31 | ||
| 082 | |b T120 | ||
| 088 | |a 606270 | ||
| 100 | |a Dương, Văn Tâm | ||
| 245 | 0 | |a Đặc điểm hình thái đá tai của họ phụ cá Sặc (Trichogasterinae) và mối tương quan giữa đá tai với tăng trưởng của cá Sặc Rằn (Trichogaster pectarolis) ở Cà Mau : | |
| 245 | 0 | |b Luận văn tốt nghiệp Cao học ngành Nuôi trồng Thuỷ sản | |
| 245 | 0 | |c Dương Văn Tâm ; Hà Phước Hùng, Trần Đắc Định (Cán bộ hướng dẫn) | |
| 260 | |a Cần Thơ | ||
| 260 | |b Trường Đại học Cần Thơ | ||
| 260 | |c 2011 | ||
| 520 | |a Quan sát được đặc điểm hình thái đá tai của ba loài thuộc họ phụ cá sặc được quan sát một cách chi tiết | ||
| 650 | |a Freshwater fishes,Nuôi cá,Cá nước ngọt,Fish culture | ||
| 904 | |i Mỹ Trân, Năm | ||
| 980 | |a Trung tâm Học liệu Trường Đại học Cần Thơ | ||